000 00462nam a22001697a 4500
003 NUST - PNEC
005 20170116181058.0
008 151002b xxu||||| |||| 00| 0 eng d
020 _a0749412755
040 _cLIBRARY
082 _a658.5 SAD
100 _912222
_aSadgrove, Kit
245 _a ISO9000 BS5750 made easy : a practical guide to quality
_cKit Sadgrove
260 _cc.1994
650 _912224
_aQuality control--Standards
_xMIS
942 _2ddc
_cBK
999 _c68663
_d68663